[Event "April 9 Early 2024"]
[Site "Chess.com"]
[Date "2024.04.09"]
[Round "6"]
[White "Le Goff, Ronan"]
[Black "Slade, Theodore"]
[Result "1-0"]
[Board "166"]
[WhiteFideId "612073"]
[BlackFideId "426547"]
[WhiteTitle "FM"]
[WhiteElo "2520"]
[BlackElo "2394"]
[WhiteTeam "FRA"]
[BlackTeam "ENG"]
[WhiteClock "0:01:25"]
[BlackClock "0:00:16"]
[Variant "Standard"]

1. d4 {[%clk 0:02:48]}  d5 {[%clk 0:02:59]} 2. Bf4 {[%clk 0:02:46]}  Nf6 {[%clk 0:02:59]} 3. e3 {[%clk 0:02:46]}  c5 {[%clk 0:02:59]} 4. Nd2 {[%clk 0:02:46]}  Nc6 {[%clk 0:02:58]} 5. c3 {[%clk 0:02:43]}  e6 {[%clk 0:02:43]} 6. Bd3 {[%clk 0:02:39]}  Bd6 {[%clk 0:02:39]} 7. Bg3 {[%clk 0:02:28]}  e5 {[%clk 0:02:37]} 8. dxe5 {[%clk 0:02:25]}  Nxe5 {[%clk 0:02:36]} 9. Bxe5 {[%clk 0:02:25]}  Bxe5 {[%clk 0:02:37]} 10. Ngf3 {[%clk 0:02:25]}  Bd6 {[%clk 0:02:33]} 11. e4 {[%clk 0:02:21]}  dxe4 {[%clk 0:02:31]} 12. Nxe4 {[%clk 0:02:20]}  Nxe4 {[%clk 0:02:29]} 13. Qa4+ {[%clk 0:02:19]}  Bd7 {[%clk 0:02:25]} 14. Qxe4+ {[%clk 0:02:19]}  Qe7 {[%clk 0:02:26]} 15. O-O-O {[%clk 0:02:16]}  Qxe4 {[%clk 0:02:09]} 16. Bxe4 {[%clk 0:02:16]}  Bf4+ {[%clk 0:02:10]} 17. Kb1 {[%clk 0:02:14]}  O-O-O {[%clk 0:02:08]} 18. g3 {[%clk 0:02:13]}  Bc7 {[%clk 0:01:57]} 19. Ng5 {[%clk 0:02:01]}  Be6 {[%clk 0:01:28]} 20. Rxd8+ {[%clk 0:01:53]}  Bxd8 {[%clk 0:01:12]} 21. Nxe6 {[%clk 0:01:52]}  fxe6 {[%clk 0:01:13]} 22. f4 {[%clk 0:01:52]}  Bf6 {[%clk 0:01:07]} 23. Rd1 {[%clk 0:01:48]}  Kc7 {[%clk 0:01:01]} 24. g4 {[%clk 0:01:45]}  g6 {[%clk 0:00:57]} 25. Kc2 {[%clk 0:01:38]}  Rd8 {[%clk 0:00:57]} 26. Rf1 {[%clk 0:01:35]}  b6 {[%clk 0:00:45]} 27. h4 {[%clk 0:01:34]}  Rd7 {[%clk 0:00:24]} 28. g5 {[%clk 0:01:31]}  Bg7 {[%clk 0:00:23]} 29. h5 {[%clk 0:01:30]}  gxh5 {[%clk 0:00:21]} 30. Bxh7 {[%clk 0:01:29]}  Bxc3 {[%clk 0:00:19]} 31. Bg8 {[%clk 0:01:27]}  Bg7 {[%clk 0:00:18]} 32. Bxe6 {[%clk 0:01:26]}  Rd2+ {[%clk 0:00:18]} 33. Kxd2 {[%clk 0:01:26]}  Bxb2 {[%clk 0:00:16]} 34. f5 {[%clk 0:01:25]} 1-0

[Event "April 9 Early 2024"]
[Site "Chess.com"]
[Date "2024.04.09"]
[Round "6"]
[White "Koridze, Lile"]
[Black "Karwowski, Kacper"]
[Result "0-1"]
[Board "168"]
[WhiteFideId "13612514"]
[BlackFideId "1126032"]
[WhiteTitle "WFM"]
[BlackTitle "CM"]
[WhiteElo "2372"]
[BlackElo "2516"]
[WhiteTeam "GEO"]
[BlackTeam "POL"]
[WhiteClock "0:00:00"]
[BlackClock "0:00:07"]
[Variant "Standard"]

1. d4 {[%clk 0:03:00]}  Nf6 {[%clk 0:02:56]} 2. c4 {[%clk 0:03:01]}  g6 {[%clk 0:02:56]} 3. Nc3 {[%clk 0:03:01]}  Bg7 {[%clk 0:02:56]} 4. e4 {[%clk 0:03:01]}  d6 {[%clk 0:02:57]} 5. Nf3 {[%clk 0:03:01]}  O-O {[%clk 0:02:57]} 6. Be2 {[%clk 0:03:01]}  e5 {[%clk 0:02:46]} 7. d5 {[%clk 0:03:01]}  a5 {[%clk 0:02:45]} 8. Be3 {[%clk 0:03:01]}  Na6 {[%clk 0:02:45]} 9. Nd2 {[%clk 0:03:00]}  Nc5 {[%clk 0:02:44]} 10. g4 {[%clk 0:02:47]}  c6 {[%clk 0:02:05]} 11. Bxc5 {[%clk 0:01:32]}  dxc5 {[%clk 0:02:06]} 12. g5 {[%clk 0:01:33]}  Ne8 {[%clk 0:01:54]} 13. h4 {[%clk 0:01:05]}  f6 {[%clk 0:01:54]} 14. Nf3 {[%clk 0:01:04]}  h5 {[%clk 0:01:37]} 15. dxc6 {[%clk 0:01:00]}  Qxd1+ {[%clk 0:01:29]} 16. Rxd1 {[%clk 0:01:00]}  bxc6 {[%clk 0:01:30]} 17. Na4 {[%clk 0:00:59]}  Bg4 {[%clk 0:01:18]} 18. Nxc5 {[%clk 0:00:58]}  Bxf3 {[%clk 0:01:19]} 19. Bxf3 {[%clk 0:00:58]}  fxg5 {[%clk 0:01:19]} 20. Be2 {[%clk 0:00:56]}  gxh4 {[%clk 0:01:05]} 21. Rxh4 {[%clk 0:00:45]}  Bf6 {[%clk 0:01:05]} 22. Rh1 {[%clk 0:00:45]}  Be7 {[%clk 0:01:06]} 23. Nd7 {[%clk 0:00:43]}  Rf4 {[%clk 0:01:03]} 24. Nxe5 {[%clk 0:00:43]}  Rxe4 {[%clk 0:00:55]} 25. Nxg6 {[%clk 0:00:41]}  Bf6 {[%clk 0:00:38]} 26. Rd7 {[%clk 0:00:27]}  Ng7 {[%clk 0:00:33]} 27. Kf1 {[%clk 0:00:26]}  Rae8 {[%clk 0:00:32]} 28. Bd3 {[%clk 0:00:24]}  Re1+ {[%clk 0:00:26]} 29. Kg2 {[%clk 0:00:23]}  Rxh1 {[%clk 0:00:27]} 30. Kxh1 {[%clk 0:00:23]}  Bxb2 {[%clk 0:00:28]} 31. Ne7+ {[%clk 0:00:19]}  Kh8 {[%clk 0:00:28]} 32. Nxc6 {[%clk 0:00:17]}  Bf6 {[%clk 0:00:19]} 33. Bg6 {[%clk 0:00:14]}  Re6 {[%clk 0:00:07]} 34. Nd8 {[%clk 0:00:13]}  Re1+ {[%clk 0:00:04]} 35. Kg2 {[%clk 0:00:13]}  Ne6 {[%clk 0:00:04]} 36. Nf7+ {[%clk 0:00:05]}  Kg8 {[%clk 0:00:05]} 37. Nh6+ {[%clk 0:00:04]}  Kf8 {[%clk 0:00:05]} 38. Rf7+ {[%clk 0:00:03]}  Ke8 {[%clk 0:00:05]} 39. Rxf6+ {[%clk 0:00:04]}  Ke7 {[%clk 0:00:04]} 40. Rf7+ {[%clk 0:00:04]}  Kd6 {[%clk 0:00:05]} 41. Nf5+ {[%clk 0:00:04]}  Ke5 {[%clk 0:00:05]} 42. Kf3 {[%clk 0:00:03]}  Ng5+ {[%clk 0:00:05]} 43. Kg3 {[%clk 0:00:03]}  Nxf7 {[%clk 0:00:06]} 44. Bxf7 {[%clk 0:00:03]}  Kxf5 {[%clk 0:00:07]} 45. Bxh5 {[%clk 0:00:04]}  Ra1 {[%clk 0:00:06]} 46. c5 {[%clk 0:00:04]}  Rxa2 {[%clk 0:00:07]} 47. c6 {[%clk 0:00:04]}  Rc2 {[%clk 0:00:06]} 48. Bf3 {[%clk 0:00:02]}  Ke5 {[%clk 0:00:07]} 49. Kg2 {[%clk 0:00:02]}  a4 {[%clk 0:00:07]} 50. Bg4 {[%clk 0:00:02]}  a3 {[%clk 0:00:08]} 51. Bh5 {[%clk 0:00:01]}  a2 {[%clk 0:00:08]} 52. Bg6 {[%clk 0:00:00]}  Rxc6 {[%clk 0:00:07]} 0-1

[Event "April 9 Early 2024"]
[Site "Chess.com"]
[Date "2024.04.09"]
[Round "6"]
[White "George Samir, David"]
[Black "Sreyas Payyappat"]
[Result "0-1"]
[Board "169"]
[WhiteFideId "10657789"]
[BlackFideId "46674969"]
[WhiteTitle "FM"]
[BlackTitle "FM"]
[WhiteElo "2371"]
[BlackElo "2515"]
[WhiteTeam "EGY"]
[BlackTeam "IND"]
[WhiteClock "0:00:00"]
[BlackClock "0:00:38"]
[Variant "Standard"]

1. e4 {[%clk 0:03:00]}  c6 {[%clk 0:02:58]} 2. Nc3 {[%clk 0:02:59]}  d5 {[%clk 0:02:59]} 3. Nf3 {[%clk 0:02:59]}  dxe4 {[%clk 0:02:58]} 4. Nxe4 {[%clk 0:03:00]}  Nf6 {[%clk 0:02:57]} 5. Nxf6+ {[%clk 0:02:59]}  exf6 {[%clk 0:02:58]} 6. d4 {[%clk 0:02:59]}  Bd6 {[%clk 0:02:58]} 7. Bc4 {[%clk 0:02:55]}  O-O {[%clk 0:02:59]} 8. O-O {[%clk 0:02:55]}  Bg4 {[%clk 0:02:59]} 9. h3 {[%clk 0:02:55]}  Bh5 {[%clk 0:02:56]} 10. c3 {[%clk 0:02:54]}  Nd7 {[%clk 0:02:55]} 11. g4 {[%clk 0:02:53]}  Bg6 {[%clk 0:02:53]} 12. Nh4 {[%clk 0:02:53]}  Nb6 {[%clk 0:02:51]} 13. Nxg6 {[%clk 0:02:51]}  hxg6 {[%clk 0:02:49]} 14. Bb3 {[%clk 0:02:52]}  f5 {[%clk 0:02:46]} 15. Qf3 {[%clk 0:02:50]}  Qh4 {[%clk 0:02:31]} 16. gxf5 {[%clk 0:02:43]}  gxf5 {[%clk 0:02:29]} 17. Qxf5 {[%clk 0:02:42]}  Rae8 {[%clk 0:02:27]} 18. Qg4 {[%clk 0:02:42]}  Qxg4+ {[%clk 0:02:21]} 19. hxg4 {[%clk 0:02:42]}  Re4 {[%clk 0:02:20]} 20. f3 {[%clk 0:02:39]}  Re2 {[%clk 0:02:19]} 21. Rf2 {[%clk 0:02:39]}  Rfe8 {[%clk 0:02:17]} 22. Bd2 {[%clk 0:02:20]}  Bg3 {[%clk 0:02:02]} 23. Rg2 {[%clk 0:01:56]}  Bh4 {[%clk 0:01:50]} 24. Rd1 {[%clk 0:01:40]}  Rxg2+ {[%clk 0:01:48]} 25. Kxg2 {[%clk 0:01:41]}  Re2+ {[%clk 0:01:47]} 26. Kg1 {[%clk 0:01:20]}  Nd5 {[%clk 0:01:43]} 27. Bc4 {[%clk 0:01:16]}  Rf2 {[%clk 0:01:33]} 28. Bxd5 {[%clk 0:00:49]}  cxd5 {[%clk 0:01:29]} 29. Be1 {[%clk 0:00:48]}  Rxb2 {[%clk 0:01:21]} 30. Bxh4 {[%clk 0:00:47]}  Rxa2 {[%clk 0:01:20]} 31. Be7 {[%clk 0:00:28]}  Rc2 {[%clk 0:01:13]} 32. Ra1 {[%clk 0:00:18]}  Rxc3 {[%clk 0:01:02]} 33. Rxa7 {[%clk 0:00:17]}  Rxf3 {[%clk 0:01:00]} 34. Bd6 {[%clk 0:00:16]}  Rd3 {[%clk 0:00:57]} 35. Bc5 {[%clk 0:00:11]}  Rb3 {[%clk 0:00:53]} 36. Kg2 {[%clk 0:00:10]}  b6 {[%clk 0:00:52]} 37. Bd6 {[%clk 0:00:09]}  Rd3 {[%clk 0:00:51]} 38. Be5 {[%clk 0:00:09]}  f6 {[%clk 0:00:50]} 39. Bg3 {[%clk 0:00:06]}  Rxd4 {[%clk 0:00:50]} 40. Kh3 {[%clk 0:00:06]}  Rb4 {[%clk 0:00:48]} 41. Rb7 {[%clk 0:00:06]}  d4 {[%clk 0:00:46]} 42. Bf2 {[%clk 0:00:05]}  d3 {[%clk 0:00:46]} 43. Rd7 {[%clk 0:00:04]}  Rb3 {[%clk 0:00:46]} 44. Kg2 {[%clk 0:00:04]}  b5 {[%clk 0:00:46]} 45. Kf3 {[%clk 0:00:02]}  b4 {[%clk 0:00:45]} 46. Ke3 {[%clk 0:00:02]}  Ra3 {[%clk 0:00:40]} 47. Rxd3 {[%clk 0:00:02]}  b3 {[%clk 0:00:41]} 48. Be1 {[%clk 0:00:01]}  b2 {[%clk 0:00:40]} 49. Rxa3 {[%clk 0:00:01]}  b1=Q {[%clk 0:00:40]} 50. Bd2 {[%clk 0:00:00]}  Qg1+ {[%clk 0:00:38]} 0-1

[Event "April 9 Early 2024"]
[Site "Chess.com"]
[Date "2024.04.09"]
[Round "6"]
[White "Matveeva, Olga"]
[Black "Abrahams, Daniel"]
[Result "0-1"]
[Board "171"]
[WhiteFideId "24107018"]
[BlackFideId "2606879"]
[WhiteTitle "WIM"]
[WhiteElo "2361"]
[BlackElo "2512"]
[WhiteTeam "RUS"]
[BlackTeam "CAN"]
[WhiteClock "0:00:00"]
[BlackClock "0:00:09"]
[Variant "Standard"]

1. d4 {[%clk 0:03:00]}  Nf6 {[%clk 0:02:58]} 2. c4 {[%clk 0:03:01]}  e6 {[%clk 0:02:57]} 3. g3 {[%clk 0:03:01]}  Bb4+ {[%clk 0:02:57]} 4. Bd2 {[%clk 0:03:02]}  a5 {[%clk 0:02:57]} 5. Bg2 {[%clk 0:03:01]}  d6 {[%clk 0:02:58]} 6. e4 {[%clk 0:03:01]}  e5 {[%clk 0:02:56]} 7. Ne2 {[%clk 0:02:59]}  Nbd7 {[%clk 0:02:53]} 8. Nbc3 {[%clk 0:02:57]}  exd4 {[%clk 0:02:53]} 9. Nxd4 {[%clk 0:02:58]}  O-O {[%clk 0:02:52]} 10. O-O {[%clk 0:02:57]}  Re8 {[%clk 0:02:52]} 11. Re1 {[%clk 0:02:56]}  Nc5 {[%clk 0:02:52]} 12. Qc2 {[%clk 0:02:52]}  a4 {[%clk 0:02:44]} 13. Rad1 {[%clk 0:02:45]}  h6 {[%clk 0:02:42]} 14. h3 {[%clk 0:02:30]}  c6 {[%clk 0:02:42]} 15. Kh2 {[%clk 0:01:49]}  Qc7 {[%clk 0:02:37]} 16. Nf5 {[%clk 0:01:40]}  Bxf5 {[%clk 0:02:34]} 17. exf5 {[%clk 0:01:41]}  Rxe1 {[%clk 0:02:12]} 18. Rxe1 {[%clk 0:01:42]}  Qb6 {[%clk 0:02:05]} 19. Bf4 {[%clk 0:01:29]}  Ncd7 {[%clk 0:01:49]} 20. Rd1 {[%clk 0:01:20]}  Bxc3 {[%clk 0:01:14]} 21. Qxc3 {[%clk 0:01:18]}  Qxf2 {[%clk 0:01:14]} 22. Bxd6 {[%clk 0:01:18]}  a3 {[%clk 0:01:11]} 23. Bxa3 {[%clk 0:01:14]}  Re8 {[%clk 0:01:09]} 24. Qf3 {[%clk 0:01:12]}  Qc2 {[%clk 0:01:02]} 25. Qd3 {[%clk 0:01:05]}  Qf2 {[%clk 0:01:00]} 26. Rd2 {[%clk 0:01:01]}  Qe1 {[%clk 0:00:57]} 27. Bb4 {[%clk 0:00:50]}  Re3 {[%clk 0:00:56]} 28. Qd6 {[%clk 0:00:42]}  Ne5 {[%clk 0:00:50]} 29. Qf8+ {[%clk 0:00:15]}  Kh7 {[%clk 0:00:49]} 30. Rd8 {[%clk 0:00:14]}  Qxg3+ {[%clk 0:00:15]} 31. Kh1 {[%clk 0:00:12]}  Re1+ {[%clk 0:00:16]} 32. Bxe1 {[%clk 0:00:11]}  Qxe1+ {[%clk 0:00:17]} 33. Kh2 {[%clk 0:00:10]}  Neg4+ {[%clk 0:00:14]} 34. hxg4 {[%clk 0:00:09]}  Nxg4+ {[%clk 0:00:14]} 35. Kh3 {[%clk 0:00:09]}  Nf2+ {[%clk 0:00:15]} 36. Kh2 {[%clk 0:00:01]}  Ng4+ {[%clk 0:00:09]} 37. Kh3 {[%clk 0:00:00]}  Nf2+ {[%clk 0:00:09]} 0-1

[Event "April 9 Early 2024"]
[Site "Chess.com"]
[Date "2024.04.09"]
[Round "6"]
[White "Osmonbekov, Talaibek"]
[Black "Nazar Firman"]
[Result "1-0"]
[Board "175"]
[WhiteFideId "2017253"]
[BlackFideId "14104490"]
[BlackTitle "GM"]
[WhiteElo "2341"]
[BlackElo "2505"]
[WhiteTeam "USA"]
[BlackTeam "UKR"]
[WhiteClock "0:00:43"]
[BlackClock "0:00:00"]
[Variant "Standard"]

1. d4 {[%clk 0:03:00]}  Nf6 {[%clk 0:02:57]} 2. Nc3 {[%clk 0:03:01]}  d5 {[%clk 0:02:57]} 3. Bf4 {[%clk 0:03:01]}  a6 {[%clk 0:02:57]} 4. e3 {[%clk 0:03:02]}  e6 {[%clk 0:02:58]} 5. Nf3 {[%clk 0:03:02]}  c5 {[%clk 0:02:58]} 6. dxc5 {[%clk 0:03:01]}  Bxc5 {[%clk 0:02:58]} 7. Bd3 {[%clk 0:03:02]}  Nc6 {[%clk 0:02:58]} 8. O-O {[%clk 0:03:03]}  O-O {[%clk 0:02:59]} 9. e4 {[%clk 0:03:03]}  d4 {[%clk 0:02:58]} 10. Ne2 {[%clk 0:03:03]}  Re8 {[%clk 0:02:52]} 11. a3 {[%clk 0:03:03]}  e5 {[%clk 0:02:53]} 12. Bd2 {[%clk 0:02:56]}  h6 {[%clk 0:02:52]} 13. Ng3 {[%clk 0:02:56]}  Be6 {[%clk 0:02:50]} 14. Qe2 {[%clk 0:02:51]}  Qd7 {[%clk 0:02:48]} 15. h3 {[%clk 0:02:48]}  Rac8 {[%clk 0:02:40]} 16. Nh4 {[%clk 0:02:46]}  Ne7 {[%clk 0:02:38]} 17. f4 {[%clk 0:02:45]}  exf4 {[%clk 0:02:26]} 18. Rxf4 {[%clk 0:02:43]}  Bd6 {[%clk 0:02:08]} 19. e5 {[%clk 0:02:43]}  Ned5 {[%clk 0:01:58]} 20. Rxf6 {[%clk 0:02:28]}  Nxf6 {[%clk 0:01:43]} 21. exd6 {[%clk 0:02:23]}  Bxh3 {[%clk 0:01:42]} 22. Qf2 {[%clk 0:02:14]}  Bg4 {[%clk 0:01:16]} 23. Nhf5 {[%clk 0:02:12]}  Re6 {[%clk 0:00:48]} 24. Ne7+ {[%clk 0:01:57]}  Rxe7 {[%clk 0:00:40]} 25. dxe7 {[%clk 0:01:58]}  Qxe7 {[%clk 0:00:41]} 26. Qxd4 {[%clk 0:01:55]}  Rd8 {[%clk 0:00:41]} 27. Qf2 {[%clk 0:01:53]}  Be6 {[%clk 0:00:28]} 28. Nf5 {[%clk 0:01:45]}  Bxf5 {[%clk 0:00:13]} 29. Qxf5 {[%clk 0:01:46]}  Rd5 {[%clk 0:00:13]} 30. Qf3 {[%clk 0:01:40]}  Re5 {[%clk 0:00:12]} 31. Bc3 {[%clk 0:01:25]}  Re3 {[%clk 0:00:05]} 32. Bxf6 {[%clk 0:01:20]}  gxf6 {[%clk 0:00:06]} 33. Qg4+ {[%clk 0:01:19]}  Kf8 {[%clk 0:00:05]} 34. Rf1 {[%clk 0:01:18]}  Qc5 {[%clk 0:00:05]} 35. Kh1 {[%clk 0:01:16]}  Re5 {[%clk 0:00:05]} 36. g3 {[%clk 0:01:09]}  Qd5+ {[%clk 0:00:05]} 37. Kh2 {[%clk 0:01:08]}  Rh5+ {[%clk 0:00:04]} 38. Kg1 {[%clk 0:01:08]}  Rh1+ {[%clk 0:00:02]} 39. Kf2 {[%clk 0:01:08]}  Rh2+ {[%clk 0:00:02]} 40. Ke1 {[%clk 0:01:05]}  Qe5+ {[%clk 0:00:02]} 41. Qe4 {[%clk 0:00:53]}  Qxb2 {[%clk 0:00:03]} 42. Qb4+ {[%clk 0:00:52]}  Qxb4+ {[%clk 0:00:02]} 43. axb4 {[%clk 0:00:53]}  Kg7 {[%clk 0:00:02]} 44. Rf2 {[%clk 0:00:48]}  Rh1+ {[%clk 0:00:02]} 45. Ke2 {[%clk 0:00:48]}  Rb1 {[%clk 0:00:03]} 46. c3 {[%clk 0:00:47]}  Rb3 {[%clk 0:00:02]} 47. Kd2 {[%clk 0:00:47]}  Rb2+ {[%clk 0:00:02]} 48. Bc2 {[%clk 0:00:47]}  Ra2 {[%clk 0:00:01]} 49. Rf5 {[%clk 0:00:44]}  Ra3 {[%clk 0:00:01]} 50. Ra5 {[%clk 0:00:42]}  Rxa5 {[%clk 0:00:01]} 51. bxa5 {[%clk 0:00:43]}  h5 {[%clk 0:00:01]} 52. Be4 {[%clk 0:00:43]}  Kh6 {[%clk 0:00:02]} 53. Bxb7 {[%clk 0:00:43]}  Kg5 {[%clk 0:00:01]} 54. Bxa6 {[%clk 0:00:43]}  Kg4 {[%clk 0:00:02]} 55. Be2+ {[%clk 0:00:43]}  Kxg3 {[%clk 0:00:00]} 56. Bxh5 {[%clk 0:00:43]} 1-0

[Event "April 9 Early 2024"]
[Site "Chess.com"]
[Date "2024.04.10"]
[Round "6"]
[White "Alcazar Jimenez, Jesus Alberto"]
[Black "Filindash, Nikita"]
[Result "1/2-1/2"]
[Board "178"]
[WhiteFideId "2209756"]
[BlackFideId "34159983"]
[WhiteTitle "FM"]
[BlackTitle "CM"]
[WhiteElo "2333"]
[BlackElo "2497"]
[WhiteTeam "ESP"]
[BlackTeam "CZE"]
[WhiteClock "0:00:21"]
[BlackClock "0:00:23"]
[Variant "Standard"]

1. c4 {[%clk 0:03:00]}  e6 {[%clk 0:02:58]} 2. e4 {[%clk 0:02:56]}  d5 {[%clk 0:02:57]} 3. exd5 {[%clk 0:02:56]}  exd5 {[%clk 0:02:57]} 4. d4 {[%clk 0:02:57]}  Nf6 {[%clk 0:02:57]} 5. Nf3 {[%clk 0:02:56]}  Bd6 {[%clk 0:02:53]} 6. Nc3 {[%clk 0:02:55]}  O-O {[%clk 0:02:52]} 7. Be2 {[%clk 0:02:55]}  Re8 {[%clk 0:02:51]} 8. O-O {[%clk 0:02:55]}  Be6 {[%clk 0:02:43]} 9. c5 {[%clk 0:02:50]}  Be7 {[%clk 0:02:40]} 10. h3 {[%clk 0:02:51]}  c6 {[%clk 0:02:39]} 11. Bf4 {[%clk 0:02:51]}  Nbd7 {[%clk 0:02:38]} 12. Ng5 {[%clk 0:02:48]}  Bf5 {[%clk 0:02:35]} 13. Bd3 {[%clk 0:02:34]}  Bxd3 {[%clk 0:02:31]} 14. Qxd3 {[%clk 0:02:34]}  h6 {[%clk 0:02:30]} 15. Nf3 {[%clk 0:02:28]}  Ne4 {[%clk 0:02:21]} 16. Nxe4 {[%clk 0:02:13]}  dxe4 {[%clk 0:02:22]} 17. Qxe4 {[%clk 0:02:14]}  Bxc5 {[%clk 0:02:22]} 18. Qf5 {[%clk 0:02:15]}  Bb4 {[%clk 0:02:11]} 19. a3 {[%clk 0:02:11]}  Ba5 {[%clk 0:02:09]} 20. Rad1 {[%clk 0:02:08]}  Bc7 {[%clk 0:02:09]} 21. d5 {[%clk 0:01:58]}  g6 {[%clk 0:01:56]} 22. Bxc7 {[%clk 0:00:57]}  Qxc7 {[%clk 0:01:52]} 23. Qd3 {[%clk 0:00:55]}  cxd5 {[%clk 0:01:38]} 24. Qxd5 {[%clk 0:00:54]}  Ne5 {[%clk 0:01:39]} 25. Nxe5 {[%clk 0:00:53]}  Rxe5 {[%clk 0:01:39]} 26. Qd6 {[%clk 0:00:52]}  Qxd6 {[%clk 0:01:35]} 27. Rxd6 {[%clk 0:00:52]}  Rb5 {[%clk 0:01:36]} 28. b4 {[%clk 0:00:49]}  a5 {[%clk 0:01:36]} 29. Rb1 {[%clk 0:00:40]}  Rc8 {[%clk 0:01:28]} 30. Rdd1 {[%clk 0:00:34]}  Rc3 {[%clk 0:01:23]} 31. bxa5 {[%clk 0:00:31]}  Rxb1 {[%clk 0:01:12]} 32. Rxb1 {[%clk 0:00:31]}  Rxa3 {[%clk 0:01:13]} 33. Rxb7 {[%clk 0:00:30]}  Rxa5 {[%clk 0:01:14]} 34. g3 {[%clk 0:00:28]}  h5 {[%clk 0:01:12]} 35. h4 {[%clk 0:00:28]}  Kg7 {[%clk 0:01:12]} 36. Kg2 {[%clk 0:00:28]}  Ra4 {[%clk 0:01:11]} 37. Rc7 {[%clk 0:00:26]}  Kf6 {[%clk 0:01:11]} 38. Rc6+ {[%clk 0:00:26]}  Kg7 {[%clk 0:01:08]} 39. Rc7 {[%clk 0:00:26]}  Ra5 {[%clk 0:01:08]} 40. Rb7 {[%clk 0:00:25]}  Rf5 {[%clk 0:01:08]} 41. Rc7 {[%clk 0:00:25]}  Kf6 {[%clk 0:01:07]} 42. Rc6+ {[%clk 0:00:25]}  Ke7 {[%clk 0:01:06]} 43. Rc7+ {[%clk 0:00:25]}  Kd6 {[%clk 0:01:06]} 44. Ra7 {[%clk 0:00:25]}  Ke6 {[%clk 0:01:01]} 45. Ra6+ {[%clk 0:00:24]}  Ke7 {[%clk 0:01:00]} 46. Ra7+ {[%clk 0:00:24]}  Kf6 {[%clk 0:01:00]} 47. Ra6+ {[%clk 0:00:24]}  Kg7 {[%clk 0:01:01]} 48. Ra7 {[%clk 0:00:24]}  Rb5 {[%clk 0:01:01]} 49. Rc7 {[%clk 0:00:24]}  Rb6 {[%clk 0:01:00]} 50. Rd7 {[%clk 0:00:24]}  Kf6 {[%clk 0:01:00]} 51. Rc7 {[%clk 0:00:23]}  Ke6 {[%clk 0:01:00]} 52. Ra7 {[%clk 0:00:23]}  Rb3 {[%clk 0:00:55]} 53. Ra6+ {[%clk 0:00:23]}  Ke5 {[%clk 0:00:50]} 54. Ra5+ {[%clk 0:00:22]}  Kf6 {[%clk 0:00:45]} 55. Ra6+ {[%clk 0:00:22]}  Kg7 {[%clk 0:00:45]} 56. Ra7 {[%clk 0:00:22]}  Rb1 {[%clk 0:00:40]} 57. Rc7 {[%clk 0:00:20]}  Ra1 {[%clk 0:00:39]} 58. Rb7 {[%clk 0:00:20]}  Re1 {[%clk 0:00:38]} 59. Rc7 {[%clk 0:00:19]}  Re8 {[%clk 0:00:38]} 60. Rb7 {[%clk 0:00:19]}  Rf8 {[%clk 0:00:38]} 61. Ra7 {[%clk 0:00:19]}  Rb8 {[%clk 0:00:37]} 62. Rd7 {[%clk 0:00:19]}  Rb6 {[%clk 0:00:36]} 63. Rc7 {[%clk 0:00:19]}  Rb4 {[%clk 0:00:33]} 64. Rd7 {[%clk 0:00:19]}  Rc4 {[%clk 0:00:33]} 65. Re7 {[%clk 0:00:19]}  Rd4 {[%clk 0:00:33]} 66. Re3 {[%clk 0:00:19]}  Kf6 {[%clk 0:00:30]} 67. Rf3+ {[%clk 0:00:19]}  Ke7 {[%clk 0:00:30]} 68. Re3+ {[%clk 0:00:19]}  Kf6 {[%clk 0:00:21]} 69. Rf3+ {[%clk 0:00:19]}  Ke7 {[%clk 0:00:21]} 70. Re3+ {[%clk 0:00:20]}  Kf8 {[%clk 0:00:22]} 71. Rf3 {[%clk 0:00:20]}  Kg7 {[%clk 0:00:22]} 72. Re3 {[%clk 0:00:20]}  Rd8 {[%clk 0:00:23]} 73. Rf3 {[%clk 0:00:21]}  Rd4 {[%clk 0:00:23]} 74. Re3 {[%clk 0:00:21]} 1/2-1/2

[Event "April 9 Early 2024"]
[Site "Chess.com"]
[Date "2024.04.09"]
[Round "6"]
[White "Gutierrez Olivares, Daniel"]
[Black "Aayush Bhattacherjee"]
[Result "1-0"]
[Board "180"]
[WhiteFideId "2264005"]
[BlackFideId "35029070"]
[WhiteTitle "FM"]
[BlackTitle "FM"]
[WhiteElo "2489"]
[BlackElo "2322"]
[WhiteTeam "ESP"]
[BlackTeam "IND"]
[WhiteClock "0:00:20"]
[BlackClock "0:00:18"]
[Variant "Standard"]

1. Nf3 {[%clk 0:02:51]}  d5 {[%clk 0:02:58]} 2. g3 {[%clk 0:02:51]}  Nf6 {[%clk 0:02:59]} 3. c4 {[%clk 0:02:51]}  c5 {[%clk 0:02:59]} 4. Bg2 {[%clk 0:02:51]}  d4 {[%clk 0:02:59]} 5. e3 {[%clk 0:02:52]}  d3 {[%clk 0:02:59]} 6. O-O {[%clk 0:02:43]}  Nc6 {[%clk 0:02:59]} 7. a3 {[%clk 0:02:40]}  e5 {[%clk 0:02:57]} 8. Nc3 {[%clk 0:02:37]}  Bg4 {[%clk 0:02:53]} 9. h3 {[%clk 0:02:36]}  Bf5 {[%clk 0:02:50]} 10. Nh4 {[%clk 0:02:35]}  Bd7 {[%clk 0:02:48]} 11. Nd5 {[%clk 0:02:23]}  Be7 {[%clk 0:02:42]} 12. Nxe7 {[%clk 0:02:10]}  Qxe7 {[%clk 0:02:43]} 13. b4 {[%clk 0:02:10]}  cxb4 {[%clk 0:02:39]} 14. axb4 {[%clk 0:02:11]}  Nxb4 {[%clk 0:02:36]} 15. Ba3 {[%clk 0:02:10]}  a5 {[%clk 0:02:37]} 16. Bxb7 {[%clk 0:02:06]}  Rb8 {[%clk 0:02:30]} 17. Bg2 {[%clk 0:02:06]}  e4 {[%clk 0:02:28]} 18. f4 {[%clk 0:01:50]}  O-O {[%clk 0:02:21]} 19. Bb2 {[%clk 0:01:28]}  Ra8 {[%clk 0:02:02]} 20. Bxf6 {[%clk 0:01:26]}  gxf6 {[%clk 0:02:02]} 21. Qh5 {[%clk 0:01:23]}  Nc2 {[%clk 0:01:50]} 22. Ra2 {[%clk 0:01:23]}  Qb4 {[%clk 0:01:42]} 23. Nf5 {[%clk 0:01:08]}  Bxf5 {[%clk 0:01:34]} 24. Qxf5 {[%clk 0:01:09]}  Qxd2 {[%clk 0:01:28]} 25. Bxe4 {[%clk 0:01:08]}  Qxe3+ {[%clk 0:01:27]} 26. Kh1 {[%clk 0:01:05]}  Rfe8 {[%clk 0:01:22]} 27. Qxh7+ {[%clk 0:01:05]}  Kf8 {[%clk 0:01:22]} 28. Bxa8 {[%clk 0:00:56]}  Qe2 {[%clk 0:01:10]} 29. Bg2 {[%clk 0:00:48]}  Qd2 {[%clk 0:00:57]} 30. Bd5 {[%clk 0:00:43]}  Ke7 {[%clk 0:00:46]} 31. Qxf7+ {[%clk 0:00:21]}  Kd8 {[%clk 0:00:46]} 32. Qxf6+ {[%clk 0:00:22]}  Re7 {[%clk 0:00:44]} 33. Qf8+ {[%clk 0:00:20]}  Kd7 {[%clk 0:00:43]} 34. Bc6+ {[%clk 0:00:18]}  Kd6 {[%clk 0:00:32]} 35. Qd8+ {[%clk 0:00:18]}  Ke6 {[%clk 0:00:31]} 36. Bd5+ {[%clk 0:00:19]}  Kf6 {[%clk 0:00:28]} 37. Qf8+ {[%clk 0:00:19]}  Kg6 {[%clk 0:00:18]} 38. Qxe7 {[%clk 0:00:20]} 1-0